000 01574nam a22002777a 4500
999 _c63983
_d63983
005 20260227151511.0
008 s2554 th tha d
020 _a9789740327851
040 _aNALT
041 _atha
050 _aJS113 ป159 2554
100 0 _aปธาน สุวรรณมงคล
_93433
245 1 0 _aการกระจายอำนาจ แนวคิดและประสบการณ์จากเอเชีย
260 3 _aกรุงเทพฯ :
_bสำนักพิมพ์แห่งจุฬาลงกรณ์มหาวิทยาลัย,
_c2554
300 _a22 หน้า :
_b ภาพประกอบ ;
_c 21 ซม.
650 0 4 _aการกระจายอำนาจปกครอง -- ไทย
650 0 4 _aการกระจายอำนาจปกครอง -- อินโดนีเซีย
650 0 4 _aการกระจายอำนาจปกครอง -- ฟิลิปปินส์
650 0 4 _aการกระจายอำนาจปกครอง -- เกาหลีใต้
650 0 4 _aการกระจายอำนาจปกครอง -- ญี่ปุ่น
650 0 4 _aการกระจายอำนาจปกครอง -- เอเชีย
850 _aNALT
856 4 0 _uhttps://hdl.handle.net/20.500.14156/338201
_71
942 _cGB
_014
_2lcc
998 _j8
_k นายบัณฑิต อุทาวงค์